| 000 | 01417cam a2200301 4500 | ||
|---|---|---|---|
| 008 | 031029n2003 000 0 eng u | ||
| 020 | _a0727732331 | ||
| 035 | _a(Sirsi) u124121 | ||
| 041 | _aeng | ||
| 050 |
_a690.22 _c18 |
||
| 100 | _aPerry, Pat | ||
| 245 |
_aConstruction safety _bquestions and answers - a practical approach |
||
| 260 |
_aLondon _bThomas Telford _c2003 |
||
| 300 |
_axvii, 288p. _c21cm. |
||
| 350 | _a19.95 | ||
| 520 | _aAimed at site agents, contracts managers, facilities managers - anyone who needs to know about construction site safety procedures or how to assess what has been implemented so as to be confident that there is no breach of law. Provides practical solutions to everyday site safety issues. Where applicable, new legislation is covered and references to the latest HSE guidance notes and approved codes of practice are made throughout. | ||
| 650 | _aCONSTRUCTION SAFETY | ||
| 650 | _aMANAGEMENT-HEALTH AND SAFETY-FIRE SAFETY | ||
| 650 | _aRISK ASSESSMENT | ||
| 650 | _aELECTRICAL SAFETY | ||
| 650 | _aHAZARDOUS SUBSTANCES | ||
| 650 | _aHEALTH AND SAFETY AT WORK ETC ACT 1974 | ||
| 650 | _aMANAGEMENT OF HEALTH AND SAFETY AT WORK REGULATIONS 1999 | ||
| 650 | _aCONSTRUCTION (DESIGN AND MANAGEMENT) REGULATIONS 1994 | ||
| 650 | _aCONSTRUCTION (HEALTH, SAFETY AND WELFARE) REGULATIONS 1996 | ||
| 690 | _aBUILT ENVIRONMENT-BUILDING STANDARDS | ||
| 942 | _n0 | ||
| 999 |
_c103153 _d103153 |
||